The mare's nest /

Bibliographic Details
Main Author: Griffith, Paul, 1921-
Format: Book
Language:English
Published: New York : Macmillan, 1950.

MARC

Tag First Indicator Second Indicator Subfields
LEADER 00000cam a2200000 4500
001 in00000021658
005 20151007063701.0
008 751031s1950 nyu 00001 eng
010 |a  50009699  
035 |a (OCoLC)01748357 
035 |9 AAD7990AM 
040 |a DLC  |c JPL  |d TXA  |d UtOrBLW 
049 |a TXAM  |c [201470] 
050 0 0 |a PZ3.G8823  |b Mar 
090 |a PS3513.R675  |b M27 1950 
092 |a 813  |b G854m 
100 1 |a Griffith, Paul,  |d 1921- 
245 1 4 |a The mare's nest /  |c Paul Griffith. 
264 1 |a New York :  |b Macmillan,  |c 1950. 
300 |a 369 pages ;  |c 22 cm. 
336 |a text  |b txt  |2 rdacontent 
337 |a unmediated  |b n  |2 rdamedia 
338 |a volume  |b nc  |2 rdacarrier 
999 |a MARS 
999 f f |s 6d3e1e65-742c-394f-b566-6d1d206cf2c9  |i d610c7cb-1408-37e3-a98e-13f073fa2637  |t 0 
952 f f |p ric  |a Texas A&M University  |b Rellis Campus  |c Joint Library Facility  |d Remote Storage  |t 0  |e PS3513.R675 M27 1950  |h Library of Congress classification  |i unmediated -- volume  |m A14801238988 
998 f f |a PS3513.R675 M27 1950  |t 0  |l Remote Storage